| 000 | 00946nac a22002777a 4500 | ||
|---|---|---|---|
| 001 | BR5400164 | ||
| 003 | BR-BrBNA | ||
| 005 | 20240105112911.0 | ||
| 008 | 230509b bl.|||m| |||| 00| 0 por d | ||
| 040 |
_aBR-BrBNA _bpor _cBiblioteca Nacional de Agricultura |
||
| 072 | _aH20 | ||
| 090 | _a2760 BR5400164 | ||
| 100 | 1 | _aDuarte, M.P. | |
| 110 | 1 |
_aInstituto Agronomico do Leste, Cruz das Almas, BA (Brasil) _95624 |
|
| 245 | 1 | _aTratamento preventivo das sementes de fumo (Nicotiana tabacum, L.)variedade Brasil-Bahia, pelo uspulum seco (Clorofenolato de mercurio) | |
| 260 | 3 |
_aCruz das Almas, BA (Brasil): _c1954. |
|
| 300 | _ap. 25-32 | ||
| 490 |
_aBoletim Tecnico - Instituto Agronomico do Leste (Brazil) _vv. 1(1) _x |
||
| 500 | _aSummary (Pt) | ||
| 650 | _aFUMO | ||
| 650 | _aSEMENTE | ||
| 650 | _aFUNGICIDA MERCURIAL | ||
| 650 | _aCONTROLE QUIMICO | ||
| 909 |
_a202312 _bLúcia Elande _c55 _dLúcia Elande |
||
| 942 |
_2AGRIS _n0 _cMS |
||
| 999 |
_c260841 _d260841 |
||